00629nam a2200181 a 4500008004100000020001500041050001500056100002000071245006600091260004800157300002100205350000900226490005400235490007900289500003900368650001100407650002900418120416s1978 ||||||||||||||||| || u a0521292972 aQK 731 Iso aHillman, John R10aIsolation of plant growth substancescedited by J. R. Hillman aCambridgebCambridge University Pressc1978 aix, 157p. : ill. a0.00 aSeminar series - Society for Experimental Biology v 4 ;Seminar series (Society for Experimental Biology (Great Britain)) ; 4. aIncludes bibliographies and index. aPLANTS aPlant hormones--Analysis